L'Equipe de France de Football - Euro 2024 - Statistiques

Statistiques générales
  • Ce quiz a été pris 709 fois
  • Le résultat moyen est 23 sur 25
Statistiques - réponses
Poste Club en 2023-2024 Réponse % Correct
Gardien AC Milan Mike Maignan
98%
Attaquant Paris Saint Germain Kylian Mbappé
97%
Milieu Atlético de Madrid Antoine Griezmann
96%
Défenseur AC Milan Théo Hernandez
96%
Milieu Real Madrid FC Aurélien Tchouaméni
94%
Milieu Al-Ittihad FC N'Golo Kanté
94%
Défenseur FC Barcelone Jules Koundé
93%
Gardien West Ham United Alphonse Areola
92%
Défenseur Inter Benjamin Pavard
92%
Milieu Real Madrid FC Eduardo Camavinga
92%
Attaquant AC Milan Olivier Giroud
92%
Attaquant Paris Saint Germain Ousmane Dembélé
92%
Défenseur FC Bayern Dayot Upamecano
91%
Défenseur Arsenal FC William Saliba
91%
Milieu Juventus Adrien Rabiot
90%
Gardien RC Lens Brice Samba
90%
Attaquant Inter Marcus Thuram
90%
Défenseur Liverpool FC Ibrahima Konaté
89%
Attaquant FC Bayern Kingsley Coman
88%
Attaquant Paris Saint Germain Bradley Barcola
87%
Défenseur Real Madrid FC Ferland Mendy
87%
Attaquant Paris Saint Germain Randal Kolo-Muani
85%
Milieu Paris Saint Germain Warren Zaïre-Emery
84%
Défenseur Olympique de Marseille Jonathan Clauss
82%
Milieu AS Monaco Youssouf Fofana
77%
Aucun quiz correspondant
Distribution des résultats
% des personnes avec chaque résultat
Percentile par nombre de réponses
Votre historique - résultats
Vous n’avez pas pris ce quiz